[Event "Decin op-A"]
[Site "Decin"]
[Date "1998.??.??"]
[Round "5"]
[White "Terentiev, Denis"]
[Black "Hausner, Ivan"]
[Result "0-1"]
[WhiteElo "2245"]
[BlackElo "2405"]
[PlyCount "74"]
[EventDate "1998.08.??"]
[EventType "swiss"]
[EventRounds "10"]
[EventCountry "CZE"]
[SourceTitle "EXT 2000"]
[Source "ChessBase"]
[SourceDate "1999.11.16"]
[SourceVersion "1"]
[SourceVersionDate "1999.11.16"]
[SourceQuality "1"]

1. Nf3 d6 2. g3 g6 3. Bg2 Bg7 4. c4 e5 5. d3 Ne7 6. Nc3 0-0 7. Bd2 c5 8. Rb1 Nbc6 9. a3 a5 10. 0-0 Rb8 11. Ne1 Be6 12. Nc2 d5 13. cxd5 Nxd5 14. Nxd5 Bxd5 15. Bxd5 Qxd5 16. Ne3 Qe6 17. b4 cxb4 18. axb4 axb4 19. Bxb4 Rfd8 20. Bc5 e4 21. Qb3 exd3 22. exd3 b5 23. Rfe1 Qxb3 24. Rxb3 b4 25. Nc4 Bc3 26. Rd1 Rb5 27. Bb6 Rd7 28. Kf1 Rbd5 29. Ke2 Re7+ 30. Kf1 h5 31. h4 Re8 32. Be3 Red8 33. Ke2 Ra8 34. Kf3 Rdd8 35. Ke4 Re8+ 36. Kf3 Ra2 37. Bc5 Nd4+ 0-1